000 00868nam a2200217 a 4500
003 0
005 20250310145931.0
008 080827s19uu xx 00 eng d
050 _aPGS BF 723.P256
_b.Y94 2008
100 _aYu, Willie Anne O.
245 _aValues orientation and students' likelihood of response to negative peer pressure /
_cWillie Anne O. Yu.
260 _aLas PiƱas City, Philippines :
_bSouthville International School and Colleges,
_c2008.
300 _a36 pages :
_billustrations ;
_c28 cm.
504 _aIncludes bibliographical references.
650 _aPeer pressure in adolescence.
650 _aSocial values
_vInfluence on behavior.
650 _aMoral education
_vStudent decision-making.
650 _aConformity and resistance in students.
650 _aValues orientation
_vPsychological aspects.
942 _2lcc
_cPASS
999 _c98029
_d98029